Štiavnické noviny
| Format: | Newspaper |
|---|---|
| Language: | Slovak |
| PhysicalDescription: | zv. 30-45 cm |
| Published: |
Banská Štiavnica
Mestské kultúrne stredisko
1990-
Banská Štiavnica Mestský úrad, Centrum mestskej kultúry Rubigall Banská Štiavnica Centrum mestskej kultúry Rubigall Banská Štiavnica Mestský úrad |
| ISSN: | 1337-8023 |
| Subjects: | |
| Online Access: | https://www.banskastiavnica.sk/obcan/komunikacia-s-obcanom/stiavnicke-noviny/ |
MARC
| LEADER | 00000cas a2200000 a 4500 | ||
|---|---|---|---|
| 001 | vtls001468252 | ||
| 005 | 20260513211448.0 | ||
| 008 | 160609c19909999xo wr ne 0 0b0slo | ||
| 022 | |a 1337-8023 | ||
| 035 | |a SNK000423557 | ||
| 040 | |a SNK |b slo |c SNK |e AACR2 | ||
| 041 | 0 | |a slo | |
| 043 | |a e-xo---- | ||
| 044 | |a xo |c SK | ||
| 072 | 7 | |a 316 |x Sociológia |2 konspekt | |
| 072 | 7 | |a 35 |x Verejná správa |2 konspekt | |
| 080 | |a 316.728 |2 2011 | ||
| 080 | |a 35 |2 2011 | ||
| 080 | |a (051)+(054)(437.6) |2 2011 | ||
| 080 | |a (437.6) |2 2011 | ||
| 080 | |a 050 |2 2011 | ||
| 210 | 0 | |a Štiavnické nov. | |
| 222 | 0 | |a Štiavnické noviny. | |
| 245 | 0 | 0 | |a Štiavnické noviny |
| 260 | |a Banská Štiavnica |b Mestské kultúrne stredisko |c 1990- | ||
| 260 | 2 | |3 1994-24/1996 |a Banská Štiavnica |b Mestský úrad, Centrum mestskej kultúry Rubigall | |
| 260 | 2 | |3 25/1996-1/2008 |a Banská Štiavnica |b Centrum mestskej kultúry Rubigall | |
| 260 | 3 | |3 2/2008- |a Banská Štiavnica |b Mestský úrad | |
| 300 | |a zv. |c 30-45 cm | ||
| 310 | |a 2x za mesiac |b 13/2023- | ||
| 321 | |a 2x mesačne |b 1994-14/1996 | ||
| 321 | |a 1x mesačne |b 1990 | ||
| 321 | |a 1x týždenne |b 15/1996-12/2023 | ||
| 362 | 0 | |a Roč. I, č. 1 (marec 1990)- | |
| 500 | |a Redaktori sa menia | ||
| 500 | |a Od r. 1994 zmena veľkosti formátu na 30 cm | ||
| 500 | |a Od 1994 podnázov: dvojtýždenník pre Banskú Štiavnicu a okolie; od 15/1996-2/2008: týždenník pre mesto Banská Štiavnica a obce okresu B. Štiavnica; 3/2008- : týždenník mesta Banská Štiavnica; Od č. 13/2023 uvádzajú v tiráži dvojtýždenník a od č. 14/2023 aj na titulnej strane je uvedený podnázov Dvojtýždenník mesta Banská Štiavnica | ||
| 500 | |a Evidenčné číslo: EV 4429/11 | ||
| 650 | 0 | 7 | |a spoločenský život |2 SNKPH |9 28654 |
| 650 | 0 | 7 | |a verejná správa |2 SNKPH |9 1538 |
| 651 | 7 | |a Banská Štiavnica (Slovensko : okres) |2 SNKPHgeo |9 79545 | |
| 655 | 7 | |a regionálne periodiká |2 SNKPH |9 131775 | |
| 710 | 2 | |a Mestské kultúrne stredisko (Banská Štiavnica, Slovensko) |4 pbl |9 33732 | |
| 710 | 1 | |a Banská Štiavnica. |b Mestský úrad |4 pbl |9 267112 | |
| 850 | |a Slovenská národná knižnica v Martine | ||
| 856 | 4 | 1 | |u https://www.banskastiavnica.sk/obcan/komunikacia-s-obcanom/stiavnicke-noviny/ |
| 916 | |a 1990-2015, 2016-2019, 2020-2021 | ||
| 999 | |c 3347 |d 5277 | ||
| 952 | |t č. 1-30 |a SNK |b SNK |y PREZ |7 0 |p 17A1522811 |o snkČSA 1015/34/2023 |i snk2024/4200 |8 0 |0 0 |1 0 |4 0 |d 2024-03-12 |l 0 |r 2026-02-21 19:29:42 |w 2026-02-21 | ||
| 952 | |t č. 1-24 |a SNK |b SNK |y PREZ |7 0 |p 17A0648212 |o snkČSA 1015/6/1995 D1 |i snkČSP 1931/97 |0 0 |1 0 |4 0 |d 2010-03-15 |l 0 |r 2026-02-21 19:31:49 |w 2026-02-21 | ||
| 952 | |t č. 1-47 |a SNK |b SNK |y PREZ |7 0 |p 17A0868358 |o snkČSA 1015/19/2008 |i snk2012/17191 |8 0 |f 1 |0 0 |1 0 |4 0 |d 2012-09-06 |l 0 |r 2026-02-21 19:32:34 |w 2026-02-21 | ||
| 952 | |t č. 1-46 + príl. |a SNK |b SNK |y PREZ |7 0 |p 17A1462657 |o snkČSA 1015/31/2020 |i snk2022/4897 |8 0 |z Príloha: Správa o stave mesta Banská Štiavnica za rok 2019 |f 1 |0 0 |1 0 |4 0 |d 2022-03-29 |l 0 |r 2026-02-21 19:58:56 |w 2026-02-21 | ||
| 952 | |t č. 1-46 + 3 príl. |a SNK |b SNK |y PREZ |7 0 |p 17A1519886 |o snkČSA 1015/33/2022 |i snk2023/2718 |8 0 |z Príl.: v č. 25 - Správa o stave mesta Banská Štiavnica a činnosti samosprávy ; v č. 31 - Cyklistické preteky okolo Slovenska ; v č. 32 - Festivalové noviny |0 0 |1 0 |4 0 |d 2023-02-15 |l 0 |r 2026-02-21 20:04:11 |w 2026-02-21 | ||
| 952 | |t č. 1-48, neúplný |a SNK |b SNK |y PREZ |7 0 |p 17A1316633 |o snkČSA 1015/12/2001 D1 |i snk2003/907 |z chýba č. 9 a 10 |0 0 |1 0 |4 0 |d 2022-04-13 |l 0 |r 2026-02-21 20:09:45 |w 2026-02-21 | ||
| 952 | |t č. 1-46 + príl. |a SNK |b SNK |y PREZ |7 0 |p 17A1463967 |o snkČSA 1015/32/2021 |i snk2022/13859 |8 0 |z Príloha v č. 27: Správa o stave mesta Banská Štiavnica za rok 2020 |f 1 |0 0 |1 0 |4 0 |d 2022-09-12 |l 0 |r 2026-02-21 20:11:12 |w 2026-02-21 | ||
| 952 | |t č. 1-47, neúplné |a SNK |b SNK |y PREZ |7 0 |p 17A0868354 |o snkČSA 1015/15/2004 |i snk2012/17187 |8 0 |z Chýba č. 3,10. |f 1 |0 0 |1 0 |4 0 |d 2012-09-06 |l 0 |r 2026-02-21 20:30:24 |w 2026-02-21 | ||
| 952 | |t č. 1-43, neúplné |a SNK |b SNK |y PREZ |7 0 |p 17A0868355 |o snkČSA 1015/16/2005 |i snk2012/17188 |8 0 |z Chýba č. 29. |f 1 |0 0 |1 0 |4 0 |d 2012-09-06 |l 0 |r 2026-02-21 20:30:24 |w 2026-02-21 | ||
| 952 | |t č. 1-45 |a SNK |b SNK |y PREZ |7 0 |p 17A0868353 |o snkČSA 1015/14/2003 |i snk2012/17186 |8 0 |f 1 |0 0 |1 0 |4 0 |d 2012-09-06 |l 0 |r 2026-02-21 20:30:39 |w 2026-02-21 | ||
| 952 | |t č. 1-48, neúpl. |a SNK |b SNK |y PREZ |7 0 |p 17A0868356 |o snkČSA 1015/17/2006 |i snk2012/17189 |8 0 |z Chýba č. 19. |f 1 |0 0 |1 0 |4 0 |d 2012-09-06 |l 0 |r 2026-02-21 20:30:39 |w 2026-02-21 | ||
| 952 | |t č. 1-49 |a SNK |b SNK |y PREZ |7 0 |p 17A0868357 |o snkČSA 1015/18/2007 |i snk2012/17190 |8 0 |f 1 |0 0 |1 0 |4 0 |d 2012-09-06 |l 0 |r 2026-02-21 20:30:39 |w 2026-02-21 | ||
| 952 | |t č. 1-46 |a SNK |b SNK |y PREZ |7 0 |p 17A0868359 |o snkČSA 1015/20/2009 |i snk2012/17192 |8 0 |f 1 |0 0 |1 0 |4 0 |d 2012-09-06 |l 0 |r 2026-02-21 20:30:39 |w 2026-02-21 | ||
| 952 | |t č. 1-47, neúpl. |a SNK |b SNK |y PREZ |7 0 |p 17A0868360 |o snkČSA 1015/21/2010 |i snk2012/17193 |8 0 |z Chýba č. 26. |f 1 |0 0 |1 0 |4 0 |d 2012-09-06 |l 0 |r 2026-02-21 20:30:39 |w 2026-02-21 | ||
| 952 | |t č. 1-46 |a SNK |b SNK |y PREZ |7 0 |p 17A0868361 |o snkČSA 1015/22/2011 |i snk2012/17194 |8 0 |f 1 |0 0 |1 0 |4 0 |d 2012-09-06 |l 0 |r 2026-02-21 20:30:39 |w 2026-02-21 | ||
| 952 | |t č. 1-45 + príl. |a SNK |b SNK |y PREZ |7 0 |p 17A1098142 |o snkČSA 1015/26/2015 |i snk2016/3004 |8 0 |z Príloha v č. 20 |f 1 |0 0 |1 0 |4 0 |d 2016-02-05 |l 0 |r 2026-02-21 21:03:00 |w 2026-02-21 | ||
| 952 | |t č. 1-46 + príl. |a SNK |b SNK |y PREZ |7 0 |p 17A1098143 |o snkČSA 1015/23/2012 |i snk2016/2989 |8 0 |f 1 |0 0 |1 0 |4 0 |d 2016-02-05 |l 0 |r 2026-02-21 21:24:55 |w 2026-02-21 | ||
| 952 | |t č. 1-46 + príl. |a SNK |b SNK |y PREZ |7 0 |p 17A1098144 |o snkČSA 1015/24/2013 |i snk2016/2990 |8 0 |z Príloha v č. 24 |f 1 |0 0 |1 0 |4 0 |d 2016-02-05 |l 0 |r 2026-02-21 21:24:55 |w 2026-02-21 | ||
| 952 | |t č. 1-44 + príl. |a SNK |b SNK |y PREZ |7 0 |p 17A1098145 |o snkČSA 1015/25/2014 |i snk2016/2995 |8 0 |z Príloha v č. 20 |f 1 |0 0 |1 0 |4 0 |d 2016-02-05 |l 0 |r 2026-02-21 21:24:55 |w 2026-02-21 | ||
| 952 | |t č. 1-8 |a SNK |b SNK |y PREZ |7 0 |p 17A0790235 |o snkČSA 1015/1/1990 |i snkČSP 3184/93 |f 1 |0 0 |1 0 |4 0 |d 2016-02-04 |l 0 |r 2026-02-21 21:53:20 |w 2026-02-21 | ||
| 952 | |t č. 1-25 |a SNK |b SNK |y PREZ |7 0 |p 17A0819060 |o snkČSA 1015/5/1994 |i snkČSP 1928/97 |f 1 |0 0 |1 0 |4 0 |d 2016-02-04 |l 0 |r 2026-02-21 21:53:20 |w 2026-02-21 | ||
| 952 | |t č. 1-24 |a SNK |b SNK |y PREZ |7 0 |p 17A1098141 |o snkČSA 1015/6/1995 |i snkČSP 1930/97 |f 1 |0 0 |1 0 |4 0 |d 2016-02-04 |l 0 |r 2026-02-21 21:53:20 |w 2026-02-21 | ||
| 952 | |t č. 1-25 |a SNK |b SNK |y PREZ |7 0 |p 17A0819061 |o snkČSA 1015/7/1996 |i snkČSP 1932/97 |f 1 |0 0 |1 0 |4 0 |d 2016-02-04 |l 0 |r 2026-02-21 21:53:20 |w 2026-02-21 | ||
| 952 | |t č. 1-44, neúplné |a SNK |b SNK |y PREZ |7 0 |p 17A0463773 |o snkČSA 1015/8/1997 |i snk2016/2777 |8 0 |z Chýba č. 43 |f 1 |0 0 |1 0 |4 0 |d 2016-02-04 |l 0 |r 2026-02-21 21:53:20 |w 2026-02-21 | ||
| 952 | |t č. 1-44, neúplné |a SNK |b SNK |y PREZ |7 0 |p 17A0463774 |o snkČSA 1015/8/1997 D1 |i snk2016/2836 |8 0 |z Chýba č. 38, 43 |0 0 |1 0 |4 0 |d 2016-02-04 |l 0 |r 2026-02-21 21:53:20 |w 2026-02-21 | ||
| 952 | |t č. 1-52 |a SNK |b SNK |y PREZ |7 0 |p 17A0819062 |o snkČSA 1015/9/1998 |i snkČSP 1920/99 |f 1 |0 0 |1 0 |4 0 |d 2016-02-04 |l 0 |r 2026-02-21 21:54:06 |w 2026-02-21 | ||
| 952 | |t č. 1-52, neúplné |a SNK |b SNK |y PREZ |7 0 |p 17A0819063 |o snkČSA 1015/10/1999 |i snkČSP 902/2003 |z Chýba č. 36, 47 |f 1 |0 0 |1 0 |4 0 |d 2016-02-04 |l 0 |r 2026-02-21 21:54:06 |w 2026-02-21 | ||
| 952 | |t č. 1-48 |a SNK |b SNK |y PREZ |7 0 |p 17A0819064 |o snkČSA 1015/11/2000 |i snkČSP 904/2003 |f 1 |0 0 |1 0 |4 0 |d 2016-02-04 |l 0 |r 2026-02-21 21:54:06 |w 2026-02-21 | ||
| 952 | |t č. 1-48, neúplné |a SNK |b SNK |y PREZ |7 0 |p 17A0830010 |o snkČSA 1015/12/2001 |i snkČSP 906/2003 |z Chýba č. 1-48 |f 1 |0 0 |1 0 |4 0 |d 2016-02-04 |l 0 |r 2026-02-21 21:54:06 |w 2026-02-21 | ||
| 952 | |t č. 1-46 |a SNK |b SNK |y PREZ |7 0 |p 17A0830011 |o snkČSA 1015/13/2002 |i snkČSP 908/2003 |f 1 |0 0 |1 0 |4 0 |d 2016-02-04 |l 0 |r 2026-02-21 21:54:07 |w 2026-02-21 | ||
| 952 | |t č. 1-46 + príl. |a SNK |b SNK |y PREZ |7 0 |p 17A1342314 |o snkČSA 1015/27/2016 |i snk2019/2309 |8 0 |z Príl.: Správa o stave mesta Banská Štiavnica za rok 2015 ; Štiavnické kultúrne leto |f 1 |0 0 |1 0 |4 0 |d 2019-01-28 |l 0 |r 2026-02-21 21:56:47 |w 2026-02-21 | ||
| 952 | |t č. 1-45 + príl. |a SNK |b SNK |y PREZ |7 0 |p 17A1384225 |o snkČSA 1015/29/2018 |i snk2019/28702 |8 0 |z Príl.: Správa o stave mesta Banská Štiavnica za rok 2017 ; Almázia - kultúrna príl. |f 1 |0 0 |1 0 |4 0 |d 2019-11-08 |l 0 |r 2026-02-21 22:07:46 |w 2026-02-21 | ||
| 952 | |t č. 1-46 + príl. |a SNK |b SNK |y PREZ |7 0 |p 17A1431691 |o snkČSA 1015/30/2019 |i snk2020/16760 |8 0 |z Kultúrna príloha: Almázia č. 1-24; ; 1 príloha: 30. výročie Štiavnických novín |f 1 |0 0 |1 0 |4 0 |d 2020-09-22 |l 0 |r 2026-02-21 22:16:00 |w 2026-02-21 | ||
| 952 | |t č. 1-45 + príl. |a SNK |b SNK |y PREZ |7 0 |p 17A1342315 |o snkČSA 1015/28/2017 |i snk2019/2317 |8 0 |z Príl.: Správa o stave mesta Banská Štiavnica za rok 2016 ; Štiavnické kultúrne leto |f 1 |0 0 |1 0 |4 0 |d 2019-01-28 |l 0 |r 2026-02-21 22:20:20 |w 2026-02-21 | ||
| 952 | |t 1 |a SNK |b SNK |c SNK_KF |y PREZ |7 8 |p 17A1559155 |o snkČSA 1015/35/2024 |i snk2026/3199 |h 1-24 + príl. |8 0 |g 0.00 |z Príloha: Festival AMPLIÓN 2024 |0 0 |1 0 |2 udc |4 0 |d 2026-03-09 |l 0 |r 2026-03-09 09:42:46 |w 2026-03-09 | ||
| 952 | |t 1 |a SNK |b SNK |c SNK_KF |y PREZ |7 8 |p 17A1559156 |o snkČSA 1015/36/2025 |i snk2026/3201 |h 1-23 |8 0 |g 0.00 |0 0 |1 0 |2 udc |4 0 |d 2026-03-09 |l 0 |r 2026-03-09 09:46:00 |w 2026-03-09 | ||


